00570nam a2200217 a 45000010005000000030009000050080041000140200015000550400028000700820015000982450032001132600058001453000020002036500012002236500019002356500021002546500010002756500029002856500021003146500017003359936CO-ViMGA141112s2004 ck r 000 u spa d a9580800979 aCO-ViMGAbspacCO-ViMGA04a641.5 W45m10aEl Menú diario Colombiano aSantafé de Bogotá : bCirculo de Lectores, c1991 a96p. : il color14aBEBIDAS14aCALDOS Y SOPAS14aJUGOS Y SORBETES14aMENUS14aPLATOS PARA EL TE O CAFE14aSALSAS CALIENTES14aSALSAS FRIAS